LIBRARY & INFORMATION CENTRE, KCAET, TAVANUR

ONLINE PUBLIC ACCESS CATALOGUE (OPAC)

Gandhi:his relevance for our times / (Record no. 2261)

MARC details
000 -LEADER
fixed length control field 00407cam a2200157ua 4500
041 ## - LANGUAGE CODE
Language code of text/sound track or separate title eng
082 ## - DEWEY DECIMAL CLASSIFICATION NUMBER
Classification number 320.58
Item number RAm/GA
100 ## - MAIN ENTRY--AUTHOR NAME
Personal name Ramachandran, G .
245 ## - TITLE STATEMENT
Title Gandhi:his relevance for our times /
260 ## - PUBLICATION, DISTRIBUTION, ETC. (IMPRINT)
Place of publication :
Name of publisher Bharatiya vidya bhavan ,
Year of publication 1964.
300 ## - PHYSICAL DESCRIPTION
Number of Pages 354 ; .
700 1# - ADDED ENTRY--PERSONAL NAME
Personal name Mahadevan, T.K .
942 ## - ADDED ENTRY ELEMENTS (KOHA)
Koha item type Books
Holdings
Withdrawn status Lost status Damaged status Home library Current library Date acquired Cost, normal purchase price Full call number Accession Number Koha item type Public note
Withdrawn     KAUAET Sanskrit University 07/04/2012 10.00 320.58 7141 Books Transferred to Sanskrit University
free website counter